| 000 | 00646nam a2200205 u 4500 | ||
|---|---|---|---|
| 005 | 20210223131312.0 | ||
| 008 | 100607s2008 mx r 000 0 spa d | ||
| 020 | _a9786071100085 | ||
| 035 | _aUPN01000176349 | ||
| 049 | _aCG | ||
| 050 | 4 |
_aHV6431 _bB8.7 |
|
| 100 | 1 | _aBurleigh, Michael | |
| 245 | 1 | 0 |
_aSangre y rabia : _buna historia cultural del terrorismo / _cMichael Burleigh ; tr. Miguel Martínez-Lage. |
| 260 |
_aMéxico : _bTaurus _c2008. |
||
| 300 |
_a736 p. : _bil. |
||
| 440 | 0 | _aHistoria | |
| 534 |
_pTitulo original: _tBlood & rage. A cultural history of terrorism |
||
| 650 | 4 |
_aTERRORISMO - _xHISTORIA _916156 |
|
| 905 | _aLibro | ||
| 999 |
_c148452 _d148452 |
||